banner-ar

اهم 401 سؤال قبل التجارة و الاستثمار / (Record no. 61174)

MARC details
000 -الفاتح
حقل البيانات ثابتة الطول 01222nam a22003257a 4500
005 - وقت وتاريخ اخر تعامل مع التسجيلة
رقم الضبط 20240530110447.0
008 - عناصر البيانات ثابتة الطول - معلومات عامة
حقل البيانات ثابتة الطول 150422s2010 ua a g 000 0 ara d
017 ## - رقم الايداع القانونى
رقم الايداع القانونى 2009/17603
المصدر ( الهيئة المختصة) مصر . دار الكتب المصرية
020 ## - الرقم الدولى المعيارى للكتب
الرقم الدولى المعيارى للكتاب 9789774554563
040 ## - مصدر الفهرسة
وكالة الفهرسة الأصلية EG-CaGPL
082 04 - رقم تصنيف ديوى العشرى
رقم الطبعة 21
رقم التصنيف 658.04\
رقم المادة س أ
100 1# - المدخل الرئيسى - إسم شخصى
الإسم الشخصى سيلفستر ، جيمس
245 10 - بيان العنوان
العنوان اهم 401 سؤال قبل التجارة و الاستثمار /
بيان المسئوليه,etc جيمس سيلفيستر.
250 ## - بيان الطبعة
بيان الطبعة ط1.
260 ## - PUBLICATION, DISTRIBUTION, ETC. (IMPRINT)
تاريخ النشر أو التوزيع 2010.
300 ## - الوصف المادى
التعداد 443 ص ؛
أبعاد الوعاء 24 سم.
650 04 - المدخل الاضافى بالموضوع-مصطلح موضوعى
مصطلح موضوعي الشركات
التقسيم الفرعي العام تنظيم وادارة
650 04 - المدخل الاضافى بالموضوع-مصطلح موضوعى
مصطلح موضوعي الشركات
التقسيم الفرعي العام المراقبة الحكومية
650 04 - المدخل الاضافى بالموضوع-مصطلح موضوعى
مصطلح موضوعي ادارة الوقت
650 04 - المدخل الاضافى بالموضوع-مصطلح موضوعى
مصطلح موضوعي الموارد البشرية
650 04 - المدخل الاضافى بالموضوع-مصطلح موضوعى
مصطلح موضوعي التجارة الدولية
650 04 - المدخل الاضافى بالموضوع-مصطلح موضوعى
مصطلح موضوعي الشركات
التقسيم الفرعي العام تامين
650 04 - المدخل الاضافى بالموضوع-مصطلح موضوعى
مصطلح موضوعي الشراكات
التقسيم الفرعي العام ضرائب
650 04 - المدخل الاضافى بالموضوع-مصطلح موضوعى
مصطلح موضوعي السيولة النقدية
650 04 - المدخل الاضافى بالموضوع-مصطلح موضوعى
مصطلح موضوعي رجال الاعمال
650 04 - المدخل الاضافى بالموضوع-مصطلح موضوعى
مصطلح موضوعي ادارة الاعمال
710 0# - المدخل الاضافى - اسم هيئه
اسم الهيئة أو اسم السلطة كمدخل قسم الترجمة بدار الفاروق
942 ## - عناصر المدخل الإضافي( كوها)
مصدر التصنيف او مخطط الترفيف Dewey Decimal Classification
Koha [default] item type كتاب
260 ## - PUBLICATION, DISTRIBUTION, ETC. (IMPRINT)
-- القاهرة :
-- دار الفاروق للاستثمارات الثقافية ،
Holdings
حالة التراجع حالة الفقد حالة تلف ليس للاعارة المكان المؤقت الموقع الحالى تاريخ الاكتساب اجمالي اﻻعارات رقم الطلب الباركود تاريخ اخر مشاهدة تاريخ تفعيل السعر نوع وعاء كوها
        مكتبة القاهرة الكبرى مكتبة القاهرة الكبرى 04/29/2015   658.04\ س أ 160399 04/29/2015 04/29/2015 كتاب

Powered By

EGPV